000 00868cam a2200265 a 4500
001 000007928
005 20200929154344.0
008 931004s1993 sp 000 0 spa
020 _a8403593120
040 _aDO-SdBNP
_cDLC
082 _a868.6
_bV632a, 1993
100 1 _aVicent, Manuel,
_d1936-
_913048
245 1 0 _aA favor del placer :
_bcuaderno de bitácora para náufragos de hoy /
_cManuel Vicent.
250 _a2a ed.
260 _aMadrid :
_bEl País;
_bAguilar,
_c1993.
300 _a258 p. ;
_c20 cm.
490 1 _aEl viaje interior
650 4 _aLiteratura española
_xColecciones de escritos
_98735
600 1 4 _aVINCENT, MANUEL,
_d1936-
_xCOLECCIONES DE ESCRITOS
_921712
650 4 _aVida cotidiana
_xColecciones de escritos
_921713
830 3 _aEl viaje interior
_921714
910 _aCatalogación por copia / LC
910 _aWM
049 _aBNGR
999 _c7706
_d7706